Fiskálna politika, fiskálna únia a vyrovnaný rozpočet

Diskusia o potrebe fiskálnej jednoty v štátoch EÚ a o vyrovnanom štátnom rozpočte.

Enregistré dans:
Détails bibliographiques
Auteur principal: Husár, Jaroslav
Format: Chapitre de livre
Langue:slovaque
Sujets:
Tags: Ajouter un tag
Pas de tags, Soyez le premier à ajouter un tag!

MARC

LEADER 00000naa a2200000 4500
001 0161027
005 20231011110551.1
041 0 |a slo 
044 |a SK 
245 1 0 |a Fiskálna politika, fiskálna únia a vyrovnaný rozpočet  |c Jaroslav Husár 
520 |a Diskusia o potrebe fiskálnej jednoty v štátoch EÚ a o vyrovnanom štátnom rozpočte. 
610 2 0 |a politika fiškálna 
610 2 0 |a Európska menová únia 
610 2 0 |a modely ekonometrické 
610 2 0 |a rozpočet spoločný 
100 1 |a Husár, Jaroslav